000 00539nam a22001817a 4500
005 20251108172254.0
008 250721s1992 xx 000 0 ara d
082 1 4 _a910.130132/علي
100 1 _aالشواورة، علي حميدان
245 1 0 _aجغرافية السكان /
264 1 _aعمان :
_bدار صفاء للنشر و التوزيع،
_c1992.
300 _a289ص
650 1 7 _aجغرافية السكان
650 1 7 _aالسكان
700 1 _aالحبيس، محمود
942 _2ddc
_cBK
999 _c74811
_d74811